书目信息 |
| 题名: |
畅游英国,看这本就够了
|
|
| 作者: | ;畅游英国编辑部 主编 | |
| 分册: | ||
| 出版信息: | 北京 化学工业出版社 2013.09 |
|
| 页数: | 279页 | |
| 开本: | 23cm | |
| 丛书名: | 畅游世界 | |
| 单 册: | ||
| 中图分类: | K956.19 | |
| 科图分类: | ||
| 主题词: | 旅游指南--英国 , 旅游指南 | |
| 电子资源: | ||
| ISBN: | 978-7-122-18075-9 | |
| 000 | 01112oam2 2200289 450 | |
| 001 | 006209012 | |
| 005 | 20140610082352.15 | |
| 010 | @a978-7-122-18075-9@dCNY49.80 | |
| 100 | @a20130916d2013 em y0chiy0110 ea | |
| 101 | 0 | @achi |
| 102 | @aCN@b110000 | |
| 105 | @aak z 000yy | |
| 106 | @ar | |
| 200 | 1 | @a畅游英国,看这本就够了@9chang you ying guo , kan zhe ben jiu gou le@dUk travel guide@f《畅游英国》编辑部主编@zeng |
| 210 | @a北京@c化学工业出版社@d2013.09 | |
| 215 | @a279页@c图@d23cm | |
| 225 | 2 | @a畅游世界 |
| 330 | @a本书介绍了伦敦、伯明翰、利物浦、牛津、剑桥等热门目的地,对湖区国家公园、峰区国家公园等特色旅游地也进行了解读。书中还介绍了签证、出入境、旅行预算、电话使用、行程计划、节庆活动、意外应对等方面内容,为游客的游览、交通、美食、住宿、购物、娱乐等提供全方位的解决方案。 | |
| 333 | @a旅行爱好者 | |
| 461 | 0 | @12001 @a畅游世界 |
| 510 | 1 | @aUk travel guide@zeng |
| 606 | 0 | @a旅游指南@y英国 |
| 606 | 0 | @a旅游指南 |
| 690 | @aK956.19@v5 | |
| 711 | 02 | @a畅游英国编辑部@9chang you ying guo bian ji bu@4主编 |
| 801 | 0 | @aCN@b人天书店@c20130916 |
| 905 | @b846846-48@dK956.19@e231@f3 | |
| 畅游英国,看这本就够了=Uk travel guide/《畅游英国》编辑部主编.-北京:化学工业出版社,2013.09 |
| 279页:图;23cm.-(畅游世界) |
| 使用对象:旅行爱好者 |
| ISBN 978-7-122-18075-9:CNY49.80 |
| 本书介绍了伦敦、伯明翰、利物浦、牛津、剑桥等热门目的地,对湖区国家公园、峰区国家公园等特色旅游地也进行了解读。书中还介绍了签证、出入境、旅行预算、电话使用、行程计划、节庆活动、意外应对等方面内容,为游客的游览、交通、美食、住宿、购物、娱乐等提供全方位的解决方案。 |
| ● |
| 相关链接 |
|
|
|
|
正题名:畅游英国,看这本就够了
索取号:K956.19/231
 
预约/预借
| 序号 | 登录号 | 条形码 | 馆藏地/架位号 | 状态 | 备注 |
| 1 | 846846 | 208468460 | 第二样本阅览室/ [索取号:K956.19/231] | 在馆 | |
| 2 | 846847 | 208468479 | 第二借阅区/ [索取号:K956.19/231] | 在馆 | |
| 3 | 846848 | 208468488 | 密集书库-资源管理系/ [索取号:K956.19/231] | 在馆 |